00698 2200265 4500001002100000005001500021035002000036007000300056008004100059040001700100100001500117245005100132300003600183020002200219041000800241082000800249084001400257090001900271260004000290700003100330850001000361650002500371990001800396990001800414INLIS00000000000359120260529113629 a0010-0621000123ta260529 0  aSBPUPADbind0 aYanuar, A.1 aEnsiklopedia Teknologi Lingkungan /cA. Yanuar aiv, 60 hlm. :billus. ;c29 Cm. a978-979-021-457-6 bind a603 a603 YAN e a610 JUD l 15-6 a--Semarang :bBengawan Ilmu,c2008.0 aeditor: Sari kusumaningrum aPUPAD 4ateknologi lingkungan a13580/BR/2010 a13579/BR/2010